Metaphors : an annotated dictionary

Bibliographic Details
Main Author: Renton, N.E
Format: Book
Published: Melbourne : Information Anytralia , 1990
Subjects:

MARC

LEADER 00000cam a2200000 7i4500
001 0000004722
002 000005092
005 20000330.0
020 |a 1863370196 
090 0 0 |a 422.03   |b REN 
100 1 |a Renton, N.E 
245 1 0 |a Metaphors :   |b an annotated dictionary   |c by N.E.Renton 
260 |a Melbourne :   |b Information Anytralia ,   |c 1990 
300 |a 548p. ;   |c 23cm. 
650 0 0 |a English language   |x Etymology   |x Dictionaries 
650 0 0 |a English language   |x Terms and phrases   |x Dictionaries 
650 0 0 |a Metaphor   |x Dictionaries 
999 |a 035379   |b BUKU   |c PINJAMAN   |e PERPUSTAKAAN KOMUNITI PETALING JAYA